000 00515nam a2200169 a 4500
005 20140412111239.0
008 001115s19uu xx 00 eng d
050 _aER
_bIn1 1968
100 _aBerenstain, Stanley
245 _aInside outside upside down /
_cby Stanley and Janice Berenstain.
260 _aNew York :
_bRandom House,
_c1960.
300 _a1 v. (unp.) ; ill.;col.
440 _aA Bright and Early Books for Beginning Beginners
650 _aBears--Stories
650 _aReading
999 _c102623
_d102623